• 首页
  • 本馆介绍
  • 公告通知
  • 最新文献
  • 馆藏检索
  • 电子资源
  • 读者导购
  • 参考咨询
  • 我的图书馆
  • 登录
  • 详细信息显示
  • 放入我的书架
  • 预约/预借图书
  • 作者相关作品
  • 分类相关作品
  • 丛书相关作品
  • 出版社相关作品

书目信息

  • 表格格式
  • 工作单格式
  • 卡片格式
题名:
男生体操
    
 
作者: ;《高等学校普通体育课教学参考书》男生体操编写组 编
分册:  
出版信息: 北京   高等教育出版社  1979
页数: 491页
开本: 18cm
丛书名:
单 册:
中图分类: G832
科图分类:
主题词:
电子资源:
ISBN: 8010·010
000 00865nam 2200253 450
001 CAL 0120110528429m
005 20110618121208.3
010    @a8010·010@dCNY0.13
091    @a8010·010
099    @aCAL 0120110528429m
100    @a20030717d1979 kmey0chiy011 ea
101 0  @achi
105    @ay z 000yy
106    @ar
200 1  @a男生体操@9Nan Sheng Ti Cao @f《高等学校普通体育课教学参考书》男生体操编写组编@ANan Sheng Ti Cao
210    @a北京@c高等教育出版社@d1979
215    @a491页@d18cm@c有图
300    @a高等学校普通体育课教学参考书
610 0  @a体操@ATi Cao
690    @aG832@v4
711 02 @a《高等学校普通体育课教学参考书》男生体操编写组@A《 Gao Deng Xue Xiao Pu Tong Ti Yu Ke Jiao Xue Can Kao Shu》 Nan Sheng Ti Cao Bian Xie Zu@4编
801  0 @aCN@bHNWM@c20060907
905    @aBZT@dG832@e33@f8@sG832/33
920    @a246012@9012001003882@z2
    
    男生体操/《高等学校普通体育课教学参考书》男生体操编写组编.-北京:高等教育出版社,1979
    491页;18cm:有图
    高等学校普通体育课教学参考书
    
    ISBN 8010·010:CNY0.13
    
●
相关链接 在五车中查询图书 在当当中查询图书 在豆瓣中查询图书


正题名:男生体操     索取号:G832/33         预约/预借

序号 登录号 条形码 馆藏地/架位号 状态 备注
1 2000113278   2000113278   旧书回溯/ [索取号:G832/33] 在馆    
2 2000113279   2000113279   旧书回溯/ [索取号:G832/33] 在馆    
3 2000113280   2000113280   旧书回溯/ [索取号:G832/33] 在馆    
4 2000113281   2000113281   旧书回溯/ [索取号:G832/33] 在馆    
5 2000113282   2000113282   旧书回溯/ [索取号:G832/33] 在馆    
6 2000113283   2000113283   旧书回溯/ [索取号:G832/33] 在馆    
7 2000113284   2000113284   旧书回溯/ [索取号:G832/33] 在馆    
8 2000113285   2000113285   旧书回溯/ [索取号:G832/33] 在馆    
山东省滨州职业学院图书馆 欢迎您!
大连网信软件有限公司© 版权所有